Zwycięzcy Eurowizji po wykonawcach i tytułach - rok po roku - Statystyki

Ogólne statystyki
  • Ten quiz został rozwiązany 14 razy
  • Średni wynik to 35 z 72
Statystyki odpowiedzi
Rok Wykonawca Tytuł Państwo % Poprawnych
2012 Loreen Euphoria Szwecja
100%
2021 Måneskin Zitti e buoni Wlochy
100%
2024 Nemo The Code Szwajcaria
92%
2023 Loreen Tattoo Szwecja
92%
2022 Kalush Orchestra Stefania Ukraina
92%
2018 Netta Toy Izrael
83%
2009 Alexander Rybak Fairytale Norwegia
83%
1974 ABBA Waterloo Szwecja
83%
2025 JJ Wasted Love Austria
75%
2019 Duncan Laurence Arcade Holandia
75%
2014 Conchita Wurst Rise Like a Phoneix Austria
67%
2010 Lena Meyer-Landrut Satellite Niemcy
67%
2017 Salvador Sobral Amal pelos dois Portugalia
67%
2015 Måns Zelmerlöw Heroes Szwecja
67%
2004 Ruslana Wild Dances Ukraina
67%
2016 Jamala 1944 Ukraina
67%
2006 Lordi Hard Rock Hallelujah Finlandia
58%
1982 Nicole Ein bißchen Frieden Niemcy
58%
1988 Celine Dion Ne Partez Pas Sans Moi Szwajcaria
58%
2011 Ell i Nikki Running Scared Azerbejdżan
50%
2000 Olsen Brothers Fly on the Wings of Love Dania
50%
2005 Elena Paparizou My Number One Grecja
50%
1987 Johnny Logan Hold Me Now Irlandia
50%
1994 Paul Harrington i Charlie McGettigan Rock 'n' Roll Kids Irlandia
50%
2007 Marija Šerifović Molitva Serbia
50%
2003 Sertab Erener Everyway That I Can Turcja
50%
1986 Sandra Kim J'aime la vie Belgia
42%
1963 Grethe i Jørgen Ingmannowie Dansevise Dania
42%
2013 Emmelie de Forest Only Teardrops Dania
42%
1958 André Claveau Dors mon amour Francja
42%
1960 Jacqueline Boyer Tom Pillibi Francja
42%
1962 Isabelle Aubret Un premier amour Francja
42%
1969 Frida Boccara Un jour, un enfant Francja
42%
1977 Marie Myriam L'oiseau et l'enfant Francja
42%
1959 Teddy Scholten Een beetje Holandia
42%
Lenny Kuhr De troubadour Holandia
42%
1993 Niamh Kavanagh In Your Eyes Irlandia
42%
1996 Eimear Quinn The Voice Irlandia
42%
1978 Jizhar Kohen i Alphabeta A-Ba-Ni-Bi Izrael
42%
1989 Riva Rock Me Jugosławia
42%
2002 Marie N I Wanna Łotwa
42%
1961 Jean-Claude Pascal Nous, les amoreux Luksemburg
42%
1965 France Gall Poupée de cire, poupée de son Luksemburg
42%
2008 Dima Bilan Believe Rosja
42%
1956 Lys Assia Refrain Szwajcaria
42%
1984 Herreys Diggi-Loo Diggi-Ley Szwecja
42%
1991 Carola Fångad av en stormvind Szwecja
42%
1999 Charlotte Nilsson Take Me to Your Heaven Szwecja
42%
1964 Gigliola Cinquetti Non ho l'età Włochy
42%
1990 Toto Cutugno Insieme: 1992 Włochy
42%
1966 Udo Jurgens Merci Chérie Austria
33%
2001 Tanel Padar, Dave Benton i 2XL Everybody Estonia
33%
1968 Massiel La la la Hiszpania
33%
Salomé Vivo cantando Hiszpania
33%
1957 Corry Brokken Net als toen Holandia
33%
1975 Teach-in Ding-a-Dong Holandia
33%
1970 Dana All Kinds of Everything Irlandia
33%
1980 Johnny Logan What's Another Year Irlandia
33%
1992 Linda Martin Why Me? Irlandia
33%
1979 Gali Atari i Milka and Honey Hallelujah Izrael
33%
1998 Dana International Diva Izrael
33%
1972 Vicky Leandros Après toi Luksemburg
33%
1973 Anne-Marie David Tu te reconnaîtras Luksemburg
33%
1983 Corinne Hermès Si la vie est cadeau Luksemburg
33%
1971 Séverine Un banc, un arbre, une rue Monako
33%
1985 Bobbysocks La det swinge Norwegia
33%
1995 Secret Garden Nocturne Norwegia
33%
1967 Sandie Shaw Puppet on a String Wielka Brytania
33%
Lulu Boom Bang-a-Bang Wielka Brytania
33%
1976 Brotherhood of Man Save Your Kisses for Me Wielka Brytania
33%
1981 Bucks Fizz Making Your Mind Up Wielka Brytania
33%
1997 Katrina and the Waves Love Shine a Light Wielka Brytania
33%
Nie znaleziono quizów pasujących do podanych kryteriów
Rozkład punktacji
Procent ludzi z każdym wynikiem
Percentyl według liczby udzielonych odpowiedzi
Twoja historia wyników
Nie rozwiązałeś tego quizu